000 00414nmm a2200145Ia 4500
008 251105s9999||||xx |||||||||||||||||und||
041 _aspa
100 _aMendoza, Nunila de
245 0 _aLa violeta de Garden House. Los Towsen I
264 _a[Madrid, España] :
_bEdiciones B,
_c2017
300 _a179 páginas
650 _aRomance
856 _uhttps://public.digitaliapublishing.com/a/54482
942 _cCF
999 _c106451
_d106451